000 00870nab a2200253 u 4500
001 20994
003 HDC
007 cr bn ---aaaaa
008 210307b2014mmddmy d||ne||||| 00| 0 may d
040 _aHDC
100 _aNabila Yasmin Razib
_97621
245 0 _aPerkenal subjek pendidikan keusahawanan di tingkatan satu
_c/ Nabila Yasmin Razib
260 _aMalaysia:
_bMedia Mulia,
_c2014
300 _a1 online resource (page 17)
336 _atext
_2rdacontent
337 _acomputer
_2rdamedia
338 _aonline resource
_2rdacarrier
650 _aEntrepreneurship
_xStudy and teaching
_918740
710 _aUtusan Malaysia
856 _zRequest full-text at [email protected]
942 _2lcc
942 _cNEWS
942 _kNWSC 002666
999 _c18310
_d18310